000 00391nam a22001697a 4500
003 MPLRDC
005 20220104113831.0
008 210129b ||||| |||| 00| 0 eng d
082 _a848.4 FZK-4
100 _a丰子恺等著
245 _a中国童话选
_c
250 _a第一版
260 _a
_b山边社
_c1984
300 _b
650 _a现代别集
942 _cBK
_o848.4 FZK-4
999 _c2721
_d2711